000 01130nam a22002417a 4500
999 _c8210
_d8210
003 AR-CdUCM
008 190322b ||||| |||| 00| 0 spa d
040 _aMUNICIPALIDAD PROVINCIAL DEL CUSCO
_cBIBLIOTECA MUNICIPAL DEL CUSCO
041 _heng
082 _a658.5 /
_bP39
100 _aPelps, D. Maynard
_923127
245 _aDireccion de productos :
_bSelección de textos /
260 _aMéxico :
_bHerrero hermanos,
_c1975.
300 _a191 paginas ;
_bCuadros, formas,
_c22 cm.
500 _aTitulo original : Product mangement , selected readings
505 _aContenido : Introducción la naturaleza del problema -- Los productos nuevos necesitan dirección especial -- La organización para la dirección de productos -- Análisis de mercado para determinar actitudes de compra, beneficios deseados y atributos de producto -- La depuración de ideas de productos nuevos...
650 _aDirección de productos
_923128
650 _aLa investigación de mercado
_923129
650 _aPotencial económico
_923130
700 _aVinos Cruz-Lopez, Ricardo (Traductor)
_923131
942 _2ddc
_cLIBROS
945 _awnts